Alfa a omega modernej výroby: naučte ľudí robiť veci lepšie:

Rozhovor s Milanom Uhlárom, manažérom výroby spoločnosti Brovedani Slovakia v Galante, o problémoch kvalifikovaných pracovných síl a možnostiach zlepšenia kvality školenia pracovníkov metódou TWI (Training Within Industry).

Na minha lista:
Detalhes bibliográficos
Autor principal: Marianyi, Peter
Formato: Capítulo de Livro
Idioma:eslovaco
Assuntos:
Tags: Adicionar Tag
Sem tags, seja o primeiro a adicionar uma tag!

MARC

LEADER 00000naa a2200000 4500
001 0195014
005 20231011123527.6
041 0 |a slo 
044 |a SK 
245 1 0 |a Alfa a omega modernej výroby: naučte ľudí robiť veci lepšie:  |c Peter Marianyi 
520 |a Rozhovor s Milanom Uhlárom, manažérom výroby spoločnosti Brovedani Slovakia v Galante, o problémoch kvalifikovaných pracovných síl a možnostiach zlepšenia kvality školenia pracovníkov metódou TWI (Training Within Industry). 
610 2 0 |a rozhovor 
610 2 0 |a výroba 
610 2 0 |a sily pracovné 
610 2 0 |a kvalifikácia 
610 2 0 |a kurzy 
610 2 0 |a rozvoj pracovníkov 
610 2 0 |a školenie odborné 
610 2 0 |a prax odborná 
100 1 |a Marianyi, Peter